000 00203nam a2200085Ia 4500
008 170620s9999 xx 000 0 und d
100 _aDR VIJAY LAXMI
245 0 _aECONOMICS AN INTRODUCTION
260 _bCLA ALLAHABAD
260 _c2016
999 _c30437
_d30437